000 00262nam a22001217a 4500
008 181106b xxu||||| |||| 00| 0 eng d
041 _aeng
080 _a611
100 _a6
101 _aANA
245 _aPathologic Physiology
_cSodeman,W.H
942 _2udc
_cBK
999 _c51929
_d51929